Fr. Conceicao Rodrigues College of Engineering

Wireless sensor networks:Technology (Record no. 19331)

MARC details
000 -LEADER
fixed length control field 00409nam a2200169Ia 4500
082 ## - DEWEY DECIMAL CLASSIFICATION NUMBER
Classification number 621.382
Item number SOH
100 ## - MAIN ENTRY--PERSONAL NAME
Personal name Sohraby/Kazem/ Minoli/Daniel
245 ## - TITLE STATEMENT
Title Wireless sensor networks:Technology
260 ## - PUBLICATION, DISTRIBUTION, ETC.
Name of publisher, distributor, etc. Wiley India
Date of publication, distribution, etc. 1991
366 ## - TRADE AVAILABILITY INFORMATION
Publishers's discount category 27
300 ## - PHYSICAL DESCRIPTION
Extent 307
546 ## - LANGUAGE NOTE
Language note ENGLISH
-- electronics
650 ## - SUBJECT ADDED ENTRY--TOPICAL TERM
Topical term or geographic name entry element Wireless sensor network
654 ## - SUBJECT ADDED ENTRY--FACETED TOPICAL TERMS
Focus term wireless sensor network
942 ## - ADDED ENTRY ELEMENTS (KOHA)
Koha item type BOOK
Holdings
Withdrawn status Lost status Damaged status Not for loan Collection Home library Current library Date acquired Source of acquisition Cost, normal purchase price Inventory number Total Checkouts Full call number Barcode Date last seen Cost, replacement price Price effective from Koha item type
        CRC Fr. Agnel's C.Rodrigues College of Engineering Fr. Agnel's C.Rodrigues College of Engineering 17/03/2023 Allied Publishers 386.17 1037 dt 03.11.2015   621.382 SOH 23871 17/03/2023 529.00   BOOK
        CRC Fr. Agnel's C.Rodrigues College of Engineering Fr. Agnel's C.Rodrigues College of Engineering 17/03/2023 Allied Publishers 386.17 1037 dt 03.11.2015   621.382 SOH 23872 17/03/2023 529.00   BOOK